[Event "World Rapid Championship (Women)"]
[Site "Doha QAT"]
[Date "2016.12.28"]
[EventDate "2016.12.26"]
[Round "11.3"]
[Result "0-1"]
[White "Kateryna Lahno"]
[Black "Koneru Humpy"]
[WhiteElo "2530"]
[BlackElo "2557"]
[PlyCount "122"]

1. e4 e5 2. Nf3 Nf6 3. Nxe5 d6 4. Nf3 Nxe4 5. d4 d5 6. Bd3 Bd6
7. O-O O-O 8. c4 c6 9. cxd5 cxd5 10. Nc3 Re8 11. Re1 Nxc3
12. bxc3 Rxe1+ 13. Qxe1 Nc6 14. Rb1 b6 15. c4 Ba6 16. Bg5 Qf8
17. Qc3 Nb4 18. c5 Nxd3 19. cxd6 Qxd6 20. Qd2 h6 21. Be3 Rc8
22. Ne1 Qg6 23. Nxd3 Bxd3 24. Rc1 Rc4 25. f3 b5 26. Rc3 Bf5
27. Rxc4 bxc4 28. Kf2 Qb6 29. Qc3 Bd3 30. a3 Qb1 31. Bc1 Bf5
32. Qb2 Qd3 33. Bd2 Kh7 34. Qc3 Qb1 35. Qc1 Qb6 36. Qc3 h5
37. h4 Bd3 38. Be3 Qf6 39. Bg5 Qe6 40. Be3 Qe7 41. Bg5 Qe2+
42. Kg3 f6 43. Bc1 a6 44. Qd2 Qe6 45. Kf2 Qb6 46. Qc3 Qd6
47. Qb4 Qh2 48. Be3 Qxh4+ 49. Kg1 Qg3 50. Bf2 Qc7 51. Be1 Qf4
52. Bf2 Qc1+ 53. Be1 Qf4 54. Bf2 Bf5 55. Qc5 Qc1+ 56. Kh2 c3
57. Qxd5 Qf4+ 58. Bg3 Qg5 59. Be1 c2 60. Bd2 Qxd2 61. Qxf5+
Kh6 0-1